Vestiges of the Natural History of Creation (Record no. 236436)
[ view plain ]
| 000 -LEADER | |
|---|---|
| fixed length control field | 01881cam a22002533a 4500 |
| 001 - CONTROL NUMBER | |
| control field | 7116 |
| 003 - CONTROL NUMBER IDENTIFIER | |
| control field | PGUSA |
| 005 - DATE AND TIME OF LATEST TRANSACTION | |
| control field | 20140828083140.0 |
| 008 - FIXED-LENGTH DATA ELEMENTS--GENERAL INFORMATION | |
| fixed length control field | 041201s2004||||xxu|||||s|||||000 | eng d |
| 040 ## - CATALOGING SOURCE | |
| Original cataloging agency | PGUSA |
| Language of cataloging | eng |
| 042 ## - AUTHENTICATION CODE | |
| Authentication code | dc |
| 050 #4 - LIBRARY OF CONGRESS CALL NUMBER | |
| Classification number | QH |
| 100 1# - MAIN ENTRY--PERSONAL NAME | |
| Personal name | Chambers, Robert, |
| Dates associated with a name | 1802-1871 |
| 245 10 - TITLE STATEMENT | |
| Title | Vestiges of the Natural History of Creation |
| Medium | [electronic resource] / |
| Statement of responsibility, etc | Robert Chambers |
| 260 ## - PUBLICATION, DISTRIBUTION, ETC. (IMPRINT) | |
| Name of publisher, distributor, etc | Project Gutenberg, |
| Date of publication, distribution, etc | 2004 |
| 505 0# - FORMATTED CONTENTS NOTE | |
| Formatted contents note | The bodies of space, their arrangements and formation -- Constituent materials of the earth and of the other bodies of space -- The earth formed: era of the primary rocks -- Commencement of organic life: sea plants, corals, etc. -- Era of the old red sandstone: fishes abundant -- Secondary rocks; era of the carboniferous formation; land formed; commencement of land plants -- Era of the new red sandstone; terrestrial zoology commences with reptiles; first traces of birds -- Era of the oolite; commencement of mammalia -- Era of the cretaceous formation -- Era of the tertiary formation: mammalia abundant -- Era of the superficial formations: commencement of present species -- General considerations respecting the origin of the animated tribes -- Particular considerations respecting the origin of the animated tribes -- Hypothesis of the development of the vegetable and animal kingdoms -- MacLeay system of animated nature; this system considered in connexion with the progress of organic creation, and as indicating the natural status of man -- Early history of mankind -- Mental constitution of animals -- Purpose and general condition of the animated creation -- Note conclusory. |
| 506 ## - RESTRICTIONS ON ACCESS NOTE | |
| Terms governing access | Public domain in the USA. |
| 516 ## - TYPE OF COMPUTER FILE OR DATA NOTE | |
| Type of computer file or data note | Electronic text |
| 653 ## - INDEX TERM--UNCONTROLLED | |
| Uncontrolled term | Creation |
| 653 ## - INDEX TERM--UNCONTROLLED | |
| Uncontrolled term | Evolution (Biology) |
| 830 #0 - SERIES ADDED ENTRY--UNIFORM TITLE | |
| Uniform title | Project Gutenberg |
| Volume number/sequential designation | 7116 |
| 856 40 - ELECTRONIC LOCATION AND ACCESS | |
| Uniform Resource Identifier | <a href="http://www.gutenberg.org/ebooks/7116">http://www.gutenberg.org/ebooks/7116</a> |
| 942 ## - ADDED ENTRY ELEMENTS (KOHA) | |
| Koha item type | eBooks |
| Withdrawn status | Lost status | Damaged status | Home library | Current library | Date acquired | Total Checkouts | Date last seen | Price effective from | Koha item type |
|---|---|---|---|---|---|---|---|---|---|
| Project Gutenberg | Project Gutenberg | 08/28/2014 | 08/28/2014 | 08/28/2014 | eBooks |